00245nam a22000857a 4500999001900000100002300019245007800042260002900120300001000149 c516616d516616 aPande A. K.923155 aGrit that defied odds :bReflections of a revenue officercby A. K. Pande aDelhibKonark Pub.c2008 a197p.